000
00284nam a22001217a 4500
008
181029b xxu||||| |||| 00| 0 eng d
041
_a
eng
080
_2
3rd
_a
159.9
100
_a
49
101
_a
PSI
245
_a
Abnormal Psychology and Modern Life
_c
Coleman, J.C
942
_2
udc
_c
BK
999
_c
51061
_d
51061